Score 0/12 Timer 01:30
0 Plays Today
Clue 4-Letter Word % Correct
Sets down, or an American potato chip brand► LAYS ◄
95.8%
Flea's instrument?BASS
92.6%
Ornamental flower-holderVASE
91.7%
Scottish galLASS
91.7%
FoundationBASE
90.3%
Mechanical clamping tool, to an AmericanVISE
76.3%
Dracula's cloak; or with Cod, an American potato chip brand► CAPE ◄
75.4%
Deal with a stressful situationCOPE
75.3%
Learned, or an American potato chip brand► WISE ◄
66.7%
Return to a blank stateWIPE
56.4%
Urban, perhapsPOPE
54.6%
Funnel throughPIPE
49.1%

Today's Daily Dose

Remove Ads.
Support Sporcle.
Get the best of Sporcle when you Go Orange. This ad-free experience offers more features, more stats, and more fun while also helping to support Sporcle. Thank you for becoming a member.

You're not logged in!

Compare scores with friends on all Sporcle quizzes.
OR
Log In

Show Comments

Extras

Top Quizzes Today


Score Distribution

Your Account Isn't Verified!

In order to create a playlist on Sporcle, you need to verify the email address you used during registration. Go to your Sporcle Settings to finish the process.

Report this User

Report this user for behavior that violates our Community Guidelines.

Details: